| 000 | 00728nam a22001695i 4500 | ||
|---|---|---|---|
| 001 | 174036 | ||
| 003 | ES-MaACL | ||
| 005 | 20231223063116.0 | ||
| 008 | 100209s1900 sp |||| | spa d | ||
| 100 | 1 |
_aDicenta, Joaquín, _d1863-1917 _944474 |
|
| 245 | 1 | 3 |
_aEl león de bronce _b: monólogo en prosa / _coriginal de Joaquín Dicenta. |
| 260 |
_aMadrid : _bAdministación Lírico-Dramática, _c1900 ( _fR. Velasco) |
||
| 300 |
_a14 p. ; _c20 cm. |
||
| 500 | _aEn port.: Estrenado en el teatro Principal de Alicante el día 30 de abril de 1900. | ||
| 852 |
_aES-MaACL _jF-8645(7) _zEnc. hol. _z.- Enc. en un vol. facticio formando parte de la col. facticia "Teatro español moderno" v. 102 |
||
| 999 |
_c174036 _d174036 |
||